<?xml version="1.0" encoding="UTF-8"?>
<collection xmlns="http://www.loc.gov/MARC21/slim">
 <record>
  <leader>04484cam a2200817 c 4500</leader>
  <controlfield tag="001">02333648X</controlfield>
  <controlfield tag="003">DE-627</controlfield>
  <controlfield tag="005">20250703172423.0</controlfield>
  <controlfield tag="007">tu</controlfield>
  <controlfield tag="008">710101s1977    gw |||||      00| ||ger c</controlfield>
  <datafield tag="015" ind1=" " ind2=" ">
   <subfield code="a">78,A26,0185</subfield>
   <subfield code="2">dnb</subfield>
  </datafield>
  <datafield tag="016" ind1="7" ind2=" ">
   <subfield code="a">780263111</subfield>
   <subfield code="2">DE-101</subfield>
  </datafield>
  <datafield tag="020" ind1=" " ind2=" ">
   <subfield code="a">3769600762</subfield>
   <subfield code="9">3-7696-0076-2</subfield>
  </datafield>
  <datafield tag="035" ind1=" " ind2=" ">
   <subfield code="a">(DE-627)02333648X</subfield>
  </datafield>
  <datafield tag="035" ind1=" " ind2=" ">
   <subfield code="a">(DE-603)029373131</subfield>
  </datafield>
  <datafield tag="035" ind1=" " ind2=" ">
   <subfield code="a">(DE-576)009949496</subfield>
  </datafield>
  <datafield tag="035" ind1=" " ind2=" ">
   <subfield code="a">(DE-599)GBV02333648X</subfield>
  </datafield>
  <datafield tag="035" ind1=" " ind2=" ">
   <subfield code="a">(OCoLC)05831010</subfield>
  </datafield>
  <datafield tag="040" ind1=" " ind2=" ">
   <subfield code="a">DE-627</subfield>
   <subfield code="b">ger</subfield>
   <subfield code="c">DE-627</subfield>
   <subfield code="e">rakwb</subfield>
  </datafield>
  <datafield tag="041" ind1=" " ind2=" ">
   <subfield code="a">ger</subfield>
  </datafield>
  <datafield tag="044" ind1=" " ind2=" ">
   <subfield code="c">XA-DE</subfield>
  </datafield>
  <datafield tag="050" ind1=" " ind2="0">
   <subfield code="a">AS182</subfield>
  </datafield>
  <datafield tag="050" ind1=" " ind2="0">
   <subfield code="a">ND3154.W56</subfield>
  </datafield>
  <datafield tag="082" ind1="0" ind2=" ">
   <subfield code="a">745.67</subfield>
   <subfield code="q">OCLC</subfield>
  </datafield>
  <datafield tag="084" ind1=" " ind2=" ">
   <subfield code="a">04a</subfield>
   <subfield code="2">sdnb</subfield>
  </datafield>
  <datafield tag="084" ind1=" " ind2=" ">
   <subfield code="a">04a</subfield>
   <subfield code="a">01x</subfield>
   <subfield code="a">02a</subfield>
   <subfield code="a">12a</subfield>
   <subfield code="2">sdnb</subfield>
  </datafield>
  <datafield tag="084" ind1=" " ind2=" ">
   <subfield code="a">9,10</subfield>
   <subfield code="a">1</subfield>
   <subfield code="2">ssgn</subfield>
  </datafield>
  <datafield tag="084" ind1=" " ind2=" ">
   <subfield code="a">PW 2220</subfield>
   <subfield code="2">rvk</subfield>
   <subfield code="0">(DE-625)rvk/140825:</subfield>
  </datafield>
  <datafield tag="084" ind1=" " ind2=" ">
   <subfield code="a">NM 7470</subfield>
   <subfield code="2">rvk</subfield>
   <subfield code="0">(DE-625)rvk/126427:</subfield>
  </datafield>
  <datafield tag="084" ind1=" " ind2=" ">
   <subfield code="a">AX 17000</subfield>
   <subfield code="2">rvk</subfield>
   <subfield code="0">(DE-625)rvk/9111:</subfield>
  </datafield>
  <datafield tag="084" ind1=" " ind2=" ">
   <subfield code="a">06.19</subfield>
   <subfield code="2">bkl</subfield>
  </datafield>
  <datafield tag="084" ind1=" " ind2=" ">
   <subfield code="a">15.33</subfield>
   <subfield code="2">bkl</subfield>
  </datafield>
  <datafield tag="100" ind1="1" ind2=" ">
   <subfield code="a">Schmidt, Aloys</subfield>
   <subfield code="d">1892-1980</subfield>
   <subfield code="0">(DE-588)117501298</subfield>
   <subfield code="0">(DE-627)078920604</subfield>
   <subfield code="0">(DE-576)291441548</subfield>
   <subfield code="4">aut</subfield>
  </datafield>
  <datafield tag="245" ind1="1" ind2="0">
   <subfield code="a">Winand von Steeg (1371 - 1453), ein mittelrheinischer Gelehrter und Künstler und die Bilderhandschrift über Zollfreiheit des Bacharacher Pfarrweins auf dem Rhein aus dem Jahr 1426 (Handschrift 12 des Bayerischen Geheimen Hausarchivs zu München)</subfield>
   <subfield code="c">Aloys Schmidt und Hermann Heimpel</subfield>
  </datafield>
  <datafield tag="264" ind1=" " ind2="1">
   <subfield code="a">München</subfield>
   <subfield code="b">Verlag der Bayer. Akad. d. Wiss. {[u.a.]</subfield>
   <subfield code="c">1977</subfield>
  </datafield>
  <datafield tag="300" ind1=" " ind2=" ">
   <subfield code="a">124, 8 S.</subfield>
   <subfield code="b">Ill.</subfield>
  </datafield>
  <datafield tag="336" ind1=" " ind2=" ">
   <subfield code="a">Text</subfield>
   <subfield code="b">txt</subfield>
   <subfield code="2">rdacontent</subfield>
  </datafield>
  <datafield tag="337" ind1=" " ind2=" ">
   <subfield code="a">ohne Hilfsmittel zu benutzen</subfield>
   <subfield code="b">n</subfield>
   <subfield code="2">rdamedia</subfield>
  </datafield>
  <datafield tag="338" ind1=" " ind2=" ">
   <subfield code="a">Band</subfield>
   <subfield code="b">nc</subfield>
   <subfield code="2">rdacarrier</subfield>
  </datafield>
  <datafield tag="490" ind1="1" ind2=" ">
   <subfield code="a">Abhandlungen / Bayerische Akademie der Wissenschaften, Philosophisch-Historische Klasse</subfield>
   <subfield code="v">N.F., 81</subfield>
  </datafield>
  <datafield tag="583" ind1="1" ind2=" ">
   <subfield code="a">Archivierung/Langzeitarchivierung gewährleistet</subfield>
   <subfield code="f">SSG</subfield>
   <subfield code="x">XA-DE-BW</subfield>
   <subfield code="2">pdager</subfield>
   <subfield code="5">DE-16</subfield>
  </datafield>
  <datafield tag="600" ind1="1" ind2="4">
   <subfield code="a">Winand &lt;von Steeg&gt;</subfield>
  </datafield>
  <datafield tag="650" ind1=" " ind2="4">
   <subfield code="a">Handschrift</subfield>
  </datafield>
  <datafield tag="650" ind1=" " ind2="4">
   <subfield code="a">Buchmalerei</subfield>
  </datafield>
  <datafield tag="650" ind1=" " ind2="4">
   <subfield code="a">Zoll</subfield>
  </datafield>
  <datafield tag="650" ind1=" " ind2="4">
   <subfield code="a">Wein / Recht</subfield>
  </datafield>
  <datafield tag="651" ind1=" " ind2="4">
   <subfield code="a">München</subfield>
  </datafield>
  <datafield tag="651" ind1=" " ind2="4">
   <subfield code="a">Bacharach</subfield>
  </datafield>
  <datafield tag="653" ind1=" " ind2="0">
   <subfield code="a">Winand</subfield>
   <subfield code="a">von Steeg</subfield>
   <subfield code="a">1371-1453</subfield>
  </datafield>
  <datafield tag="653" ind1=" " ind2="0">
   <subfield code="a">Illumination of books and manuscripts, Medieval</subfield>
   <subfield code="a">Germany</subfield>
   <subfield code="a">Rhineland</subfield>
  </datafield>
  <datafield tag="653" ind1=" " ind2="0">
   <subfield code="a">Bavaria</subfield>
   <subfield code="a">Geheimes Hausarchiv</subfield>
  </datafield>
  <datafield tag="689" ind1="0" ind2="0">
   <subfield code="d">p</subfield>
   <subfield code="0">(DE-588)118633562</subfield>
   <subfield code="0">(DE-627)694836788</subfield>
   <subfield code="0">(DE-576)20916364X</subfield>
   <subfield code="a">Steeg, Winand von</subfield>
   <subfield code="d">1371-1453</subfield>
   <subfield code="2">gnd</subfield>
  </datafield>
  <datafield tag="689" ind1="0" ind2="1">
   <subfield code="d">s</subfield>
   <subfield code="0">(DE-588)4120472-4</subfield>
   <subfield code="0">(DE-627)105776262</subfield>
   <subfield code="0">(DE-576)209535407</subfield>
   <subfield code="a">Illuminierte Handschrift</subfield>
   <subfield code="2">gnd</subfield>
  </datafield>
  <datafield tag="689" ind1="0" ind2=" ">
   <subfield code="5">(DE-627)</subfield>
  </datafield>
  <datafield tag="700" ind1="1" ind2=" ">
   <subfield code="a">Heimpel, Hermann</subfield>
   <subfield code="d">1901-1988</subfield>
   <subfield code="0">(DE-588)118547992</subfield>
   <subfield code="0">(DE-627)079346057</subfield>
   <subfield code="0">(DE-576)208953337</subfield>
   <subfield code="4">aut</subfield>
  </datafield>
  <datafield tag="787" ind1="0" ind2="8">
   <subfield code="i">Rezensiert in</subfield>
   <subfield code="a">Zahn, Eberhard, 1922 - 1989</subfield>
   <subfield code="t">[Rezension von: Aloys Schmidt und Hermann Heimpel, Winand von Steeg (1371-1453), ein mittelrheinischer Gelehrter und Künstler und die Bilderhandschrift über Zollfreiheit des Bacharacher Pfarrweins auf dem Rhein aus dem Jahr 1426 (Handschrift des Bayerischen Geheimen Hausarchivs zu München)]</subfield>
   <subfield code="d">1977</subfield>
   <subfield code="w">(DE-627)1908457937</subfield>
  </datafield>
  <datafield tag="810" ind1="2" ind2=" ">
   <subfield code="a">Bayerische Akademie der Wissenschaften</subfield>
   <subfield code="b">Philosophisch-Historische Klasse</subfield>
   <subfield code="t">Abhandlungen / Bayerische Akademie der Wissenschaften, Philosophisch-Historische Klasse</subfield>
   <subfield code="v">N.F., 81</subfield>
   <subfield code="9">1081</subfield>
   <subfield code="w">(DE-627)130296333</subfield>
   <subfield code="w">(DE-576)015874990</subfield>
   <subfield code="w">(DE-600)578557-1</subfield>
   <subfield code="x">0005-710X</subfield>
   <subfield code="7">am</subfield>
  </datafield>
  <datafield tag="889" ind1=" " ind2=" ">
   <subfield code="w">(DE-603)029373131</subfield>
  </datafield>
  <datafield tag="889" ind1=" " ind2=" ">
   <subfield code="w">(DE-576)483864862</subfield>
  </datafield>
  <datafield tag="935" ind1=" " ind2=" ">
   <subfield code="a">RFBW</subfield>
   <subfield code="a">mteo</subfield>
  </datafield>
  <datafield tag="935" ind1=" " ind2=" ">
   <subfield code="i">Blocktest</subfield>
  </datafield>
  <datafield tag="936" ind1="r" ind2="v">
   <subfield code="a">PW 2220</subfield>
   <subfield code="b">Allgemeine Quellen des Mittelalters</subfield>
   <subfield code="k">Rechtswissenschaft</subfield>
   <subfield code="k">Deutsche und ausländische Rechtsgeschichte</subfield>
   <subfield code="k">Quellen</subfield>
   <subfield code="k">Mittelalter</subfield>
   <subfield code="k">Allgemeine Quellen des Mittelalters</subfield>
   <subfield code="0">(DE-627)1271455463</subfield>
   <subfield code="0">(DE-625)rvk/140825:</subfield>
   <subfield code="0">(DE-576)201455463</subfield>
  </datafield>
  <datafield tag="936" ind1="r" ind2="v">
   <subfield code="a">NM 7470</subfield>
   <subfield code="b">Persönlichkeiten</subfield>
   <subfield code="k">Geschichte</subfield>
   <subfield code="k">Geschichte des Mittelalters</subfield>
   <subfield code="k">Abendländische Geschichte im Mittelalter nach Zeitabschnitten</subfield>
   <subfield code="k">Spätmittelalter (1250 - 1519)</subfield>
   <subfield code="k">Schisma und Konzilsgeist, Reichsreform und Habsburgs Aufstieg bis zum Tode Maximilians I. (1378 - 1519)</subfield>
   <subfield code="k">Persönlichkeiten</subfield>
   <subfield code="0">(DE-627)1271462907</subfield>
   <subfield code="0">(DE-625)rvk/126427:</subfield>
   <subfield code="0">(DE-576)201462907</subfield>
  </datafield>
  <datafield tag="936" ind1="r" ind2="v">
   <subfield code="a">AX 17000</subfield>
   <subfield code="b">München</subfield>
   <subfield code="k">Allgemeines</subfield>
   <subfield code="k">Akademieserien, Periodika wissenschaftlicher Gesellschaften mit Akademiecharakter</subfield>
   <subfield code="k">Deutschland</subfield>
   <subfield code="k">München</subfield>
   <subfield code="0">(DE-627)1270698621</subfield>
   <subfield code="0">(DE-625)rvk/9111:</subfield>
   <subfield code="0">(DE-576)200698621</subfield>
  </datafield>
  <datafield tag="936" ind1="b" ind2="k">
   <subfield code="a">06.19</subfield>
   <subfield code="j">Handschriftenkunde: Sonstiges</subfield>
   <subfield code="0">(DE-627)106403389</subfield>
  </datafield>
  <datafield tag="936" ind1="b" ind2="k">
   <subfield code="a">15.33</subfield>
   <subfield code="j">Hoch- und Spätmittelalter</subfield>
   <subfield code="q">coli-conc RVK-&gt;BK</subfield>
   <subfield code="q">https://coli-conc.gbv.de/api/mappings/60459f8e-5cf3-495f-b29b-ffec5c726ba7</subfield>
   <subfield code="0">(DE-627)181571560</subfield>
  </datafield>
  <datafield tag="951" ind1=" " ind2=" ">
   <subfield code="a">BO</subfield>
  </datafield>
  <datafield tag="990" ind1=" " ind2=" ">
   <subfield code="a">Steeg, Winand von</subfield>
  </datafield>
  <datafield tag="990" ind1=" " ind2=" ">
   <subfield code="a">Illuminierte Handschrift</subfield>
  </datafield>
  <datafield tag="991" ind1=" " ind2=" ">
   <subfield code="a">Rezensiertes Werk</subfield>
  </datafield>
  <datafield tag="999" ind1=" " ind2=" ">
   <subfield code="a">KXP-PPN02333648X</subfield>
   <subfield code="e">4794668848</subfield>
  </datafield>
 </record>
</collection>
